Marketingový mix vybranej spoločnosti diplomová práca

Guardado en:
Detalles Bibliográficos
Autor principal: Karaffa, Peter
Autor Corporativo: Obchodná fakulta EU. Katedra marketingu
Otros Autores: Pavliková, Marta
Formato: Libro
Lenguaje:eslovaco
Publicado: Bratislava 2020
Etiquetas: Agregar Etiqueta
Sin Etiquetas, Sea el primero en etiquetar este registro!

MARC

LEADER 00000nbm a2200000 4500
001 0274335
005 20220131101555.8
041 0 |a slo 
044 |a SK 
245 1 0 |a Marketingový mix vybranej spoločnosti  |b diplomová práca  |c Peter Karaffa ; školiteľ: Marta Pavliková 
264 1 |a Bratislava  |c 2020 
300 |a 81 s. 
100 1 |a Karaffa, Peter 
700 1 |a Pavliková, Marta 
710 2 |a Obchodná fakulta EU. Katedra marketingu